| 000 | 01481nam a2200385 i 4500 | ||
|---|---|---|---|
| 001 | 26038 | ||
| 003 | KOSZ 005 | ||
| 005 | 20210216141459.0 | ||
| 008 | 051205s1974 pl a f |000 0 pol | ||
| 015 | _aPB 1974/5065 | ||
| 040 |
_aWA N _cWA N _dKOSZ 005/HR |
||
| 041 | 0 |
_apol _beng _brus |
|
| 046 | _k1974 | ||
| 080 | _a66.07 | ||
| 080 | _a628.5 | ||
| 100 | 1 |
_aGostomczyk, Mieczysław A. _d(1930- ) _eAutor |
|
| 245 | 1 | 0 |
_aSorpcja gazów kwaśnych na anionitach / _cMieczysław Adam Gostomczyk. |
| 260 |
_aWrocław : _bWydaw. Politechniki Wrocławskiej, _c1974. |
||
| 300 |
_a126 s. : _bil., tab., tabl. 1, wykr. ; _c25 cm. |
||
| 380 | _aKsiążki | ||
| 388 | _a1901-2000 | ||
| 388 | _a1945-1989 | ||
| 490 | 1 |
_aPrace Naukowe Instytutu Inżynierii Ochrony Środowiska Politechniki Wrocławskiej. Monografie, _x0084-2869 ; _v4. |
|
| 500 | _aNumeracja ser. gł. : nr 22. | ||
| 504 | _aBibliogr. | ||
| 546 | _aStreszcz. ang., ros. | ||
| 650 | 4 | _aGazy | |
| 650 | 4 | _aSorpcja | |
| 658 | _aInżynieria i technika | ||
| 710 | 2 | _aOficyna Wydawnicza Politechniki Wrocławskiej | |
| 830 | 0 |
_aPrace Naukowe Instytutu Inżynierii Ochrony Środowiska Politechniki Wrocławskiej _v22 |
|
| 830 | 0 |
_aPrace Naukowe Instytutu Inżynierii Ochrony Środowiska Politechniki Wrocławskiej. _pMonografie _v4 |
|
| 856 |
_uhttp://koha.tu.koszalin.pl/cgi-bin/koha/opac-detail.pl?biblionumber=26038 _yKatalog online BPK |
||
| 942 |
_2UKD _cKS |
||
| 999 |
_c26038 _d26038 |
||